Criminology explains police violence (Registro nro. 317021)

Detalles MARC
000 -ENCABEZADO
Número de control [NR] 01847 a2200301 4500
005 - FECHA Y HORA DE LA ÚLTIMA TRANSACCIÓN
control field 20220902065822.0
008 - DE LONGITUD FIJA DE DATOS DE ELEMENTOS - INFORMACIÓN GENERAL
Elementos de longitud fija [NR] 200130t2020 xxu||||| |||| 001 0 eng d
020 ## - NUMERO INTERNACIONAL NORMALIZADO PARA LIBROS [R]
Número Internacional Normalizado del libro [NR] 9780520300095
020 ## - NUMERO INTERNACIONAL NORMALIZADO PARA LIBROS [R]
Número Internacional Normalizado del libro [NR] 0520300092
020 ## - NUMERO INTERNACIONAL NORMALIZADO PARA LIBROS [R]
Número Internacional Normalizado del libro [NR] 9780520300088
020 ## - NUMERO INTERNACIONAL NORMALIZADO PARA LIBROS [R]
Número Internacional Normalizado del libro [NR] 9780520971629
040 ## - FUENTE DE CATALOGACION [NR]
Agencia de catalogación original [NR] CO-BoUCM
Idioma de catalogación [NR] spa
Quien Cataloga Deissy Garcia (modificó)
Quien Clasifica John Ramirez
041 0# - CODIGO DE IDIOMA [R]
Código de idioma para texto/pista de sonido o título separado [R] Inglés
100 ## - ASIENTO PRINCIPAL--NOMBRE PERSONAL [NR]
Nombre personal [NR] Stinson, Philip Matthew
ID Autoridad 99698
245 10 - MENCION DE TITULO [NR]
Título [NR] Criminology explains police violence
Mención de responsabilidad, etc. [NR] Philip Matthew Stinson Sr.
260 ## - PUBLICACION, DISTRIBUCION, ETC. (PIE DE IMPRENTA) [R]
Nombre del editor, distribuidor, etc. [R] University of California press
Fecha de publicación, distribución, etc. [R] 2020
Lugar de publicación, distribución, etc. [R] California
300 ## - DESCRIPCION FISICA [R]
Extensión [R] 204 páginas
490 0# - MENCION DE SERIE [R]
Mención de serie [R] Criminology explains
Designación numérica/secuencial del volumen [NR] 1
504 ## - NOTA DE BIBLIOGRAFIA, ETC. [R]
Nota de bibliografía, etc. [NR] Incluye referencias bibliográficas e índices
520 ## - NOTA DE RESUMEN, ETC. [R]
Nota de sumario, etc. [NR] Criminology Explains Police Violence offers a concise and targeted overview of criminological theory applied to the phenomenon of police violence. In this engaging and accessible book, Philip M. Stinson, Sr. highlights the similarities and differences among criminological theories, and provides linkages across explanatory levels and across time and geography to explain police violence. This book is appropriate as a resource in criminology, policing, and criminal justice special topic courses, as well as a variety of violence and police courses such as policing, policing administration, police-community relations, police misconduct, and violence in society. Stinson uses examples from his own research to explore police violence, acknowledging the difficulty in studying the topic because violence is often seen as a normal part of policing.
546 ## - NOTA DE IDIOMA [R]
Nota de idioma [NR] Inglés
650 17 - ASIENTO SECUNDARIO DE MATERIA - TERMINO TEMATICO [R]
Fuente del encabezamiento o término [NR] Lemb
9 (RLIN) 10231
Término temático o nombre geográfico como elemento de entrada [NR] Brutalidad policial
650 17 - ASIENTO SECUNDARIO DE MATERIA - TERMINO TEMATICO [R]
Fuente del encabezamiento o término [NR] Lemb
9 (RLIN) 12152
Término temático o nombre geográfico como elemento de entrada [NR] Criminología
650 17 - ASIENTO SECUNDARIO DE MATERIA - TERMINO TEMATICO [R]
9 (RLIN) 8343
Término temático o nombre geográfico como elemento de entrada [NR] Acción de justicia penal
650 17 - ASIENTO SECUNDARIO DE MATERIA - TERMINO TEMATICO [R]
9 (RLIN) 12743
Término temático o nombre geográfico como elemento de entrada [NR] Derecho de policía
942 ## - ELEMENTOS DE ENTRADA AGREGADOS (KOHA)
Tipo de ítem principal el descrito en 300a Libro
Sistema de clasificación DEWEY
Tema principal Derecho
Edición 1
Clasificación 364.2
Parte restante de la signatura top. S859c
Título oculto en OPAC No
Existencias
Fecha de último préstamo Total préstamos Signatura topográfica Código de barras Última vez visto Ejemplar Costo de reposición Price effective from Tipo de ítem Nota pública (OPAC) Perdido Sistema de clasificación Dañado No prestable Tipo de ítem específico Suprimido Ubicación habitual Ubicación actual Localización Fecha de creación Proveedor Forma de adquisición Costo
24/02/2020 1 364.2 S859c 100164896 04/12/2025 Ej.1 106431.00 29/01/2020 Libro Spot Criminología e Investigación Criminal   DEWEY     Libro   Claustro Claustro 3er piso 29/01/2020 15 Compra 106431.00